000 00754nam a2200217Ia 4500
003 GCL
008 140319s9999 xx 000 0 ara d
020 _a8727844092
040 _aGCL /
_cGCL
082 0 4 _a747.7
_bم س
100 1 _aمركز التعريب والبرمجة
245 1 0 _aسلسلة الديكور افكار لمعالجة انارة المنازل /
_cمركز التعريب والبرمجة
250 _aالاولى
260 _aبيروت :
_bالدار العربية للعلوم ،
_c1998
300 _a95 ص ؛
_c30سم
490 _aسلسلة الديكور
_v0
650 0 4 _aالديكور الداخلى
650 0 4 _aالمساكن - اضاءة
650 0 4 _aالاضاءة الداخلية
942 _2ddc
_cBK
999 _c56253
_d56253